The Tribology handbook. (2nd ed.) (Record no. 81438)

MARC details
000 -LEADER
fixed length control field 00961nam a2200229 a 4500
008 - FIXED-LENGTH DATA ELEMENTS--GENERAL INFORMATION
fixed length control field 120416s1995 ||||||||||||||||| || u
020 ## - INTERNATIONAL STANDARD BOOK NUMBER
International Standard Book Number 0750611987
050 ## - LIBRARY OF CONGRESS CALL NUMBER
Classification number TJ 1075 Nea
100 ## - MAIN ENTRY--PERSONAL NAME
Personal name Neale, M. J
245 14 - TITLE STATEMENT
Title The Tribology handbook. (2nd ed.)
Statement of responsibility, etc. edited by M.J. Neale
250 ## - EDITION STATEMENT
Edition statement 2nd ed.
260 ## - PUBLICATION, DISTRIBUTION, ETC.
Place of publication, distribution, etc. Oxford
Name of publisher, distributor, etc. Butterworth/Heinemann
Date of publication, distribution, etc. 1995
300 ## - PHYSICAL DESCRIPTION
Extent Various pagings : ill
350 ## -
-- 0.00
650 ## - SUBJECT ADDED ENTRY--TOPICAL TERM
Topical term or geographic name entry element TRIBOLOGY--HANDBOOKS, MANUALS, ETC
650 ## - SUBJECT ADDED ENTRY--TOPICAL TERM
Topical term or geographic name entry element ENGINEERING
650 ## - SUBJECT ADDED ENTRY--TOPICAL TERM
Topical term or geographic name entry element MECHANICAL ENGINEERING--HANDBOOKS, MANUALS, ETC
856 ## - ELECTRONIC LOCATION AND ACCESS
Uniform Resource Identifier http://www.loc.gov/catdir/toc/els032/95041661.html
856 ## - ELECTRONIC LOCATION AND ACCESS
Uniform Resource Identifier http://www.loc.gov/catdir/description/els032/95041661.html
995 ## -
-- REFERENCE BOOKS
-- 0.00
-- 728885
-- CBU-MAIN LIBRARY (Kitwe)
-- 2
-- 84.00
-- TJ 1075 Nea
-- 1
-- REFERENCE
-- 020581
-- Reference Collection
995 ## -
-- REFERENCE BOOKS
-- 0.00
-- 020582
-- CBU-MAIN LIBRARY (Kitwe)
-- 1
-- 84.00
-- TJ 1075 Nea
-- 2
-- REFERENCE
-- 020582
-- Reference Collection
999 ## -
-- 81438
-- 81438
Holdings
Withdrawn status Lost status Source of classification or shelving scheme Damaged status Not for loan Permanent Location Current Location Shelving location Date acquired Total Checkouts Full call number Barcode Date last seen Copy number Price effective from Koha item type
          CBU-MAIN LIBRARY, KITWE. CBU-MAIN LIBRARY, KITWE.   08/18/2023   TJ 1075 Nea 020581 08/18/2023 1 08/18/2023 REFERENCE COLLECTION
          CBU-MAIN LIBRARY, KITWE. CBU-MAIN LIBRARY, KITWE.   08/18/2023   TJ 1075 Nea 020582 08/18/2023 2 08/18/2023 REFERENCE COLLECTION